00695nam a2200205Ia 4500003000900000008004100009020001800050040001600068080002100084100002400105245009200129260003800221300001000259650004100269650002800310700002500338942000700363999001500370952010400385IN-BaIIA211028s9999 xx 000 0 eng d a0-8142-0250-0 cIIA Library a083.8:524.4bDIX aDixon, R. S.912309 2aA master list of nonstellar optical astronomical objectscR. S. Dixon And G. Sonneborn aOhiobOhio State Universityc1980 a835p. aAstronomy and Astrophysics Thesaurus aOptical astronomy94227 aSonneborn, G.912310 cBK c7177d7177 00104070aBANbBANcGENd1982-09-29l0o083.8:524.4/ DIXp7972r2021-11-05w1982-09-29yBK 26.45